| 000 | 00546cam a22000977a 4500 | ||
|---|---|---|---|
| 008 | 180718b1961 xxu||||| |||| 00| 0 eng d | ||
| 082 | _aN4x42 Un3rcm | ||
| 245 |
_aRoyal Commission on the Police: minutes of evidence, 11-12 eleventh day, Wednesday, 11th January, 1961 & twelfth day, Thursday, 12th January, 1961 (witnesses- association of municipal corporations inns of court conservative and unionist society) _cby Her Majesty's Stationery Office |
||
| 260 |
_aLondon _bHer Majesty's Stationery Office _c1961 |
||
| 700 | _aHer Majesty's Stationery Office | ||
| 999 |
_c411038 _d411038 |
||